000 00330 a2200145 4500
001 153906
040 _cEscola São Tomás de Aquino
100 _aMUNIZ, Flávia
240 1 0 _aO jogo do puxa-puxa
_lpor
245 1 0 _aO jogo do puxa-puxa
362 0 _a2012
440 1 _aFTD
697 _a*LITERATURA INFANTIL
942 _cBK
999 _c153906
_d153906